La Legislació comunitària d'interès per a les entitats locals / Cristina Pellisé
ISBN:
84-7794-283-8
Descripción Física:
470 p. ; 23 cm
Colección:
Eines per al desenvolupament local ; 2
MARC
| LEADER | 00000nam a2200000Ia 4500 | ||
|---|---|---|---|
| 001 | 10655 | ||
| 008 | 160829s1994 xx 000 0 cat d | ||
| 020 | |a 84-7794-283-8 | ||
| 080 | |a D-1-64 | ||
| 100 | |a Pellisé de Urquiza, Cristina |9 32335 | ||
| 245 | |a La Legislació comunitària d'interès per a les entitats locals / Cristina Pellisé | ||
| 260 | |a Barcelona : |b Diputació de Barcelona, Servei de Promoció Econòmica, |c 1994 | ||
| 300 | |a 470 p. ; |c 23 cm | ||
| 490 | |a Eines per al desenvolupament local ; 2 | ||
| 650 | |a Comunitat Econòmica Europea, Països de la |x Dret i legislació |9 39285 | ||
| 650 | |a Dret comunitari |x Legislació |9 39286 | ||
| 710 | |a Barcelona (Catalunya : Província). |b Servei de Promoció Econòmica |9 53915 | ||
| 901 | |a Arxiu | ||
| 942 | |n 1 | ||
| 952 | |0 0 |1 0 |4 0 |6 D164 |7 1 |9 48913 |a Arxiu |b Arxiu |d 2016-12-01 |l 0 |o D-1-64 |p 10655 |r 2016-12-01 00:00:00 |w 2016-12-01 |y ARXIU | ||
| 999 | |c 52748 |d 52748 | ||